000 00481nam a2200169 i 4500
001 95843
003 ES-MaACL
005 20230906181802.0
007 t|
008 050606s1963 sp ||||1| spa d
100 1 _aMacInnes, Colin.
_975227
245 1 0 _aCiudad de ébano /
_cColin Mac Innes; [traducción de Vida Ozores].
260 _aBarcelona :
_bSeix Barral,
_c1963.
300 _a287 p. ;
_c23 cm.
700 1 _aOzores, Vida.
_988077
852 _aES-MaACL
_jC-23920
_bR.52708
999 _c95843
_d95843